000 00493nam a2200193Ia 4500
008 151121s9999||||xx |||||||||||||| ||und||
082 _a220/SPE
082 _bHNW-1955
100 _aH।M। Special Co।
245 4 _aThe Holy Bible
260 _b"The British & Foreign Bible Soc।, London"
260 _c--
300 _a1266
600 _aH।M। Special Co।
630 _aThe Holy Bible
700 _aH।M। Special Co।
730 _aThe Holy Bible
942 _cBOOK
999 _c1210955
_d1210952